000 00724nam a2200313Ia 4500
008 210210b1933 xxu||||| |||| 00| 0 eng d
041 _aeng
082 _a954/724
100 _aBAHADUR (Rao K)
245 _aInscriptions of saluva narasimhas time from 1445 A.D to 1504 A D. Vol II
260 _aMadras
_bSri Mahants Devasthanam Press
_c1933
300 _a380
650 _aVol
650 _ato
650 _atime
650 _asaluva
650 _anarasimhas
650 _aInscriptions
650 _aII
650 _afrom
650 _aD.
650 _aA.D
650 _aA
650 _a1504
650 _a1445
690 _aIndian History
700 _aGARU (Sitarama Reddi)
906 _a002224
999 _c121163
_d121163